| 000 | 00589nam a22001577a 4500 | ||
|---|---|---|---|
| 008 | 140904b xxu||||| |||| 00| 0 eng d | ||
| 020 | _a0406850372 | ||
| 050 | _aKD288.A64(1948 vol. 2) | ||
| 245 |
_aThe All England law reports 1948(vol. 2): of Cases Decided in the House of Lords. The Privy Council. All Divisions of the Supreme Court and Courts of Special Jurisdiction. / _cedited by G.F.L. Bridgman |
||
| 260 |
_aLondon: _bThe Law journal, _c1948. |
||
| 300 |
_axxxviii, 1128p. _c25cm. |
||
| 440 | _vVol. 2 | ||
| 500 | _aIncludes index | ||
| 700 | _aBridgman, G.F.L. | ||
| 942 |
_2lcc _cBK |
||
| 999 |
_c4198 _d11698 |
||